000
00327 a2200133 4500
001
156885
040
_c
Escola São Tomás de Aquino
100
_a
FRANÇA, Mary
240
1
0
_a
Calor e frio, frutos e flores!
_l
por
245
1
0
_a
Calor e frio, frutos e flores!
362
0
_a
2002
697
_a
*LITERATURA INFANTIL
942
_c
BK
999
_c
156885
_d
156885